000 00300nam a22001217a 4500
020 _a9788170354185
082 _a664.02
_bKHE/FO
100 _aKhetarpaul, Neelam
245 _aFood processing and preservation
260 _aNew Delhi
_bDaya Publishing House
_c2012
300 _aviii+555p
942 _cBK
999 _c13767
_d13767